Company Secretarial: (Record no. 200461)
[ view plain ]
| 000 -LEADER | |
|---|---|
| fixed length control field | 00654nam a22001937a 4500 |
| 005 - DATE AND TIME OF LATEST TRANSACTION | |
| control field | 20240131114836.0 |
| 010 ## - LCCN (DPL NO) | |
| LC control number | ENG- 139097 ENG- 139098 |
| 020 ## - INTERNATIONAL STANDARD BOOK NUMBER | |
| International Standard Book Number | 9789395116299 (set of 2) |
| Terms of availability | 3995.00 |
| 035 ## - SYSTEM CONTROL NUMBER | |
| System control number | EN-122629 EN- 122630 |
| 037 ## - SOURCE OF ACQUISITION | |
| Source of stock number/acquisition | DBAD/PUB |
| 082 ## - DEWEY DECIMAL CLASSIFICATION NUMBER | |
| Classification number | 346.54066 |
| Edition number | 5 |
| 100 ## - MAIN ENTRY--PERSONAL NAME | |
| Personal name | Chandratre, KR |
| 245 ## - TITLE STATEMENT | |
| Title | Company Secretarial: |
| Remainder of title | Practice Manual/ |
| Statement of responsibility, etc | By KR chandratre |
| 260 ## - PUBLICATION, DISTRIBUTION, ETC. (IMPRINT) | |
| Place of publication, distribution, etc | Gurgaon |
| Name of publisher, distributor, etc | Lexis Nexis |
| Date of publication, distribution, etc | 2023 |
| 270 ## - ADDRESS | |
| Address | 14th floor, Building No 10, Tower-B, DLF Cyber City, Phase-ll, |
| City | Gurgaon |
| Postal code | 122002 |
| 300 ## - PHYSICAL DESCRIPTION | |
| Extent | xv, 2454p |
| Dimensions | 24cm(pbk) |
| 490 ## - SERIES STATEMENT | |
| Volume number/sequential designation | vol 1, vol 2 |
| 942 ## - ADDED ENTRY ELEMENTS (KOHA) | |
| Source of classification or shelving scheme | Dewey Decimal Classification |
| Item type | English Books |
| Call number suffix | CHA |
| Classification part | 346.54066 |
| Edition | 5 |
| Withdrawn status | Lost status | Materials specified (bound volume or other part) | Not for loan | Collection code | Home library | Current library | Date acquired | Source of acquisition | Cost, normal purchase price | Full call number | Barcode | Copy number | Cost, replacement price | Koha item type |
|---|---|---|---|---|---|---|---|---|---|---|---|---|---|---|
| vol 1 | Not For Loan | Reference | Sarojini Nagar | Sarojini Nagar | 31/01/2024 | DBAD/PUB | 1997.50 | CHA 346.54066 | EN-122629 | 1 | 1997.50 | English Books | ||
| vol 2 | Not For Loan | Reference | Sarojini Nagar | Sarojini Nagar | 31/01/2024 | DBAD/PUB | 1997.50 | CHA 346.54066 | EN-122630 | 1 | 1997.50 | English Books |
